00805cam a22002291i 450000100060000000300080000600500170001400800390003103500190007003500190008904000420010804100080015008200150015810000330017324500710020626000610027730000360033850000550037450000590042950000740048865000130056218194BD-RjUL20211209000241.0140219r19441929xx 000 0 eng a(BD-RjUL)18252 a(OCoLC)1883832 aDLCcOKentUdMWalBdDLCdBD-RjULbeng aeng a821.8bBRT1 aBridges, Robert,d1844-1930.14aThe testament of beauty :ba poem in four books /cRobert Bridges. aOxford :bAt the Clarendon Press,c1929 [reprinted 1944] a4 p.l., 1-191 [1]p. ;c18.3 cm. aFirst edition, regular issue. McKay, Bridges, 71a. a"Publisher's note on the text", 2l., tipped in at end. aBound in cream paper boards; printed in gold and blind. Dust jacket. 2Literary